| 000 | 04711ncm a2200973 c 4500 | ||
|---|---|---|---|
| 003 | BLK | ||
| 005 | 20180422124142.0 | ||
| 008 | 180414b bul |a|er|||| |0| c|bulo| | ||
| 010 | _aNOT00003443000 | ||
| 020 |
_a978-0-9016660-0-9 _bиздат.: Тип-топ прес - (ISMN) |
||
| 040 | _aBLK | ||
| 041 |
_aBUL _cBUL |
||
| 080 |
_aНародни песни - исторически, хороводни, обичайни _b784.4 _x(497.2)(092) _z784.4(497.2)(092) |
||
| 700 | 1 |
_aЦветкова, Светла Емилова _eсъстав. _9363048 |
|
| 139 |
_aЦветкова, Светла Емилова _bЦ 34 |
||
| 245 | 1 | 0 |
_aСтойно ми, малай моме _b327 нар. песни от Средна Западна България _cсъстав. Светла Емилова Цветкова. |
| 254 | _aНоти | ||
| 257 | _aBGR | ||
| 260 |
_аСофия _bТип-топ прес _c2011 |
||
| 300 |
_a448 с. _bс ил. _c24 см |
||
| 380 | _a7 | ||
| 500 | _aСъдържа песни от репертоара на известни нар. певци. - Показалци. | ||
| 600 | 1 | 4 |
_aГьорева, Анушка Михайлова _9363049 |
| 600 | 1 | 4 |
_aКовачка, Атанаска Аксева _9363050 |
| 600 | 1 | 4 |
_aПорожанов, Благовест Тодоров _9363051 |
| 600 | 1 | 4 |
_aСекиранова, Бойка Богданова _9224303 |
| 600 | 1 | 4 |
_aТричкова, Борка Истаткова _9363052 |
| 600 | 1 | 4 |
_aДеспотова, Валентина Александрова _9363053 |
| 600 | 1 | 4 |
_aАндонова, Василка Стойнева _9363054 |
| 600 | 1 | 4 |
_aПеткова, Василка Иванова _9363055 |
| 600 | 1 | 4 |
_aЯсникова, Веца Стефанова _9224308 |
| 600 | 1 | 4 |
_aЛашова, Вецка Стоилова _9363056 |
| 600 | 1 | 4 |
_aПинджурова, Гюрга Гюрова _9316587 |
| 600 | 1 | 4 |
_aДимитрова, Гюрка Атанасова _9363057 |
| 600 | 1 | 4 |
_aСтоичкова, Даниела Милева _9363058 |
| 600 | 1 | 4 |
_aДимчева, Десислава Иванчева _9363059 |
| 600 | 1 | 4 |
_aШангова, Добринка Георгиева _9224313 |
| 600 | 1 | 4 |
_aХристова, Евелина Спасова _9363060 |
| 600 | 1 | 4 |
_aБожкова, Елена Димитрова _9389226 |
| 600 | 1 | 4 |
_aСтаноева, Ика Стоянова _9363061 |
| 600 | 1 | 4 |
_aСимеонова, Илияна Найденова _9363062 |
| 600 | 1 | 4 |
_aВачкова, Кремена Станчева _9363063 |
| 600 | 1 | 4 |
_aКарамфилова, Кристина Иванова _9363064 |
| 600 | 1 | 4 |
_aГалевска, Лиляна Василева _9224319 |
| 600 | 1 | 4 |
_aВеселинова, Мариана Цветанова _9363065 |
| 600 | 1 | 4 |
_aИванова, Олга Борисова _9363066 |
| 600 | 1 | 4 |
_aСираков, Павел Димитров _9363067 |
| 600 | 1 | 4 |
_aГьорчева, Павлина Аспарухова _9224323 |
| 600 | 1 | 4 |
_aАлексова-Нанкова, Радка Първанова _9363068 |
| 600 | 1 | 4 |
_aАлексова-Йотова, Румяна Сандова _9363069 |
| 600 | 1 | 4 |
_aНачалничка, Руска Божилова _9224326 |
| 600 | 1 | 4 |
_aМишева, Санка Андреева _9363070 |
| 600 | 1 | 4 |
_aЦветкова, Светла Емилова _9389227 |
| 600 | 1 | 4 |
_aСоколова, Слава Йорданова _9363071 |
| 600 | 1 | 4 |
_aСукутова, Славка Василева _9224329 |
| 600 | 1 | 4 |
_aВитанова, Снежана Стоичкова _9363072 |
| 600 | 1 | 4 |
_aМанчева, Снежанка Борисова _9363073 |
| 600 | 1 | 4 |
_aБоргилова, Сорина Богомилова _9224332 |
| 600 | 1 | 4 |
_aДрагомирова, София Илиева _9363074 |
| 600 | 1 | 4 |
_aГроздева, Стамболка Генадиева _9363075 |
| 600 | 1 | 4 |
_aСтоилов, Станчо Иванов _9363076 |
| 600 | 1 | 4 |
_aСоколова-Иванова, Теодора Христова _9363077 |
| 600 | 1 | 4 |
_aИлчева, Цветанка Петрова _9363078 |
| 600 | 1 | 4 |
_aМитев, Митко Иванов _9385679 |
| 600 | 1 | 4 |
_aТодоров, Владимир Иванов _9363079 |
| 600 | 1 | 4 |
_aСпасов, Даниел Светославов _9363080 |
| 600 | 1 | 4 |
_aИванов, Милен Емилов _9363081 |
| 600 | 1 | 4 |
_aЦветанова, Венцислава _9363082 |
| 600 | 1 | 4 |
_aЕвлогиева, Руслана _9363083 |
| 600 | 1 | 4 |
_aМилушева, Евгения _9363084 |
| 600 | 1 | 4 |
_aБорисова, Снежанка _9363085 |
| 600 | 1 | 4 |
_aЖелязкова, Кунка _9363086 |
| 650 | 4 |
_aНародни песни, български _9245130 |
|
| 650 | 4 |
_aНародни певци, български _9244711 |
|
| 653 | _aнародни песни | ||
| 653 | _aнародни певци | ||
| 653 | _aбиографии | ||
| 760 | 1 | _t | |
| 852 |
_aЦб М 2028 _p0 |
||
| 856 | 4 |
_qpdf _u |
|
| 856 | 4 |
_qpdf _u |
|
| 942 |
_cNOT _n0 |
||
| 944 |
_aCR _c28.11.2014 _k |
||
| 944 |
_aED _c16.03.2015 _kИрена_Линкова |
||
| 999 |
_c319382 _d319382 |
||